Blitz: Is It in Japan? Quiz Stats

 Plays Quiz Updated Oct 28, 2018

Support Sporcle.
Go Orange.
Score 0/40 Timer 01:00
5 Plays Today
City (Y)es or (N)o? % Correct
Tokyo???
86.6%
Hiroshima???
86.2%
Nagasaki???
85.8%
Kyoto???
85.7%
Osaka???
85.7%
Yokohama???
85.4%
Fukuoka???
83.7%
Kawasaki???
83.3%
Kagoshima???
83.1%
Nagoya???
81.9%
Vladivostok???
81.5%
Kobe???
81%
Matsuyama???
80.8%
Pyongyang???
80.3%
Sapporo???
80.1%
Pernambuco???
79.9%
Taipei???
79.1%
Chongjin???
78%
Qingdao???
78%
Keelung???
77.8%
City (Y)es or (N)o? % Correct
Hamhung???
77.5%
Kitakyushu???
77.4%
Hamamatsu???
77.3%
Dalian???
76.7%
Tianjin???
76.6%
Gwangju???
75.6%
Changsha???
75.5%
Kailua???
75.3%
Kanazawa???
75%
Busan???
74.4%
Niigata???
73.9%
Saitama???
73.5%
Incheon???
71.7%
Daegu???
71.1%
Taoyuan???
70.4%
Haleiwa???
66.3%
Sendai???
65.3%
Chiba???
61.9%
Marikina???
59.9%
Nakhodka???
59.5%

You're not logged in!

Compare scores with friends on all Sporcle quizzes.
OR
Log In

From the Vault

Most Expensive Movies

by Hejman

Just think if we'd spent all this money on something important like...flying cars.
Remove Ads.
Support Sporcle.
Get the best of Sporcle when you Go Orange. This ad-free experience offers more features, more stats, and more fun while also helping to support Sporcle. Thank you for becoming a member.

Show Comments

Extras

Top Quizzes Today


Score Distribution

Your Account Isn't Verified!

In order to create a playlist on Sporcle, you need to verify the email address you used during registration. Go to your Sporcle Settings to finish the process.

Report this User

Report this user for behavior that violates our Community Guidelines.

Details: